000 00479nam a2200181Ia 4500
003 IN-BaIIA
008 211028s9999 xx 000 0 eng d
040 _cIIA Library
080 _a770
_bSUT
100 _aSutton, Thomas
_92099
245 2 _aA dictonary of photography
_cThomas Sutton
260 _aLondon
_bSampson Low
_c1858
300 _avii, 423p.
650 _aArchives
650 _aDictionaries - Photography
_92100
650 _aPhotography Dictonary
_92101
942 _cBK
999 _c973
_d973